Statystyki dla jakie najlepsze?

Kliknij tutaj aby rozwiązać quiz!

Ogólne statystyki

  • Ten quiz został rozwiązany 41 razy
  • Średni wynik to 2 z 6

Statystyki odpowiedzi

ZagadnienieOdpowiedź% Poprawnych
jaki zimowy miesiąc najlepszy?grudzień
72%
no i ostatnie, jak się mówi wziąć/wziąśc/wziońć/wziąńąćwziąć
72%
co pierwsze płatki czy mlekopłatki!
61%
to jaki telefon najlepszy?nokia
8%
jaka czekolada najlepsza?wawel
8%
jaki majonez najlepszy?napoleoński
3%

Rozkład punktacji

Percentyl według liczby udzielonych odpowiedzi

Procent ludzi z każdym wynikiem

Twoja historia wyników

Nie rozwiązałeś tego quizu